Sudden Death: Best Picture Oscars, 2000s - Statistics

General Stats
  • This quiz has been taken 296 times
  • The average score is 6 of 10
Answers on the Grid
Answers color-coded by a green-red scale on the quiz's grid according to % correct below.
Up in the Air
Up
There Will Be Blood
The Queen
The Pianist
The Lord of the Rings: The Two Towers
The Lord of the Rings: The Fellowship of the Ring
The Curious Case of Benjamin Button
The Aviator
Seabiscuit
Mystic River
Moulin Rouge!
Lost in Translation
Little Miss Sunshine
Inglourious Basterds
Gosford Park
Good Night, and Good Luck
Gangs of New York
Finding Neverland
Erin Brockovich
District Nine
Crouching Tiger, Hidden Dragon
Capote
Brokeback Mountain
Avatar
Atonement
The Lord of the Rings: The Return of the King
The Hurt Locker
The Departed
Slumdog Millionaire
No Country for Old Men
Million Dollar Baby
Gladiator
Crash
Chicago
A Beautiful Mind
 
Answer Stats
Answer % Correct
2008 Slumdog Millionaire
64%
2000 Gladiator
62%
2007 No Country for Old Men
58%
2001 A Beautiful Mind
55%
2004 Million Dollar Baby
55%
2003 The Lord of the Rings: The Return of the King
54%
2002 Chicago
53%
2009 The Hurt Locker
52%
2005 Crash
50%
2006 The Departed
49%
No matching quizzes found
Score Distribution
Percent of People with Each Score
Percentile by Number Answered
Your Score History
You have not taken this quiz